Managerial Economics: (Record no. 9330)

MARC details
000 -LEADER
fixed length control field 00620nam a22002177a 4500
003 - CONTROL NUMBER IDENTIFIER
control field OSt
005 - DATE AND TIME OF LATEST TRANSACTION
control field 20240822164035.0
008 - FIXED-LENGTH DATA ELEMENTS--GENERAL INFORMATION
fixed length control field 240822b |||||||| |||| 00| 0 eng d
020 ## - INTERNATIONAL STANDARD BOOK NUMBER
International Standard Book Number 0131860151
020 ## - INTERNATIONAL STANDARD BOOK NUMBER
International Standard Book Number 9780131860155
040 ## - CATALOGING SOURCE
Transcribing agency MUST
082 ## - DEWEY DECIMAL CLASSIFICATION NUMBER
Edition number 22
Classification number 338.5 KEA 2005
100 ## - MAIN ENTRY--PERSONAL NAME
Personal name Keat, Paul G
9 (RLIN) 19066
245 ## - TITLE STATEMENT
Title Managerial Economics:
Remainder of title Economic tools for today's decision makers
Statement of responsibility, etc. Paul G. Keat
260 ## - PUBLICATION, DISTRIBUTION, ETC. (IMPRINT)
Place of publication, distribution, etc. New Jersey:
Name of publisher, distributor, etc. Pearson,
Date of publication, distribution, etc. 2005
300 ## - PHYSICAL DESCRIPTION
Extent xx, 571p.
Other physical details ill.,
Dimensions 26cm
504 ## - BIBLIOGRAPHY, ETC. NOTE
Bibliography, etc includes index
650 ## - SUBJECT ADDED ENTRY--TOPICAL TERM
Source of heading or term Managerial economics
700 ## - ADDED ENTRY--PERSONAL NAME
Personal name Young, Philip K. Y
9 (RLIN) 19067
942 ## - ADDED ENTRY ELEMENTS (KOHA)
Source of classification or shelving scheme Dewey Decimal Classification
Koha item type Open Shelf
Holdings
Withdrawn status Lost status Source of classification or shelving scheme Damaged status Not for loan Home library Current library Date acquired Source of acquisition Inventory number Total Checkouts Full call number Barcode Date last seen Price effective from Koha item type
    Dewey Decimal Classification     MUST Main Library MUST Main Library 22/08/2024 Donation 06/27254   338.5 KEA 2005 2024-22275 22/08/2024 22/08/2024 Open Shelf